| 000 | 00974cam a2200277 a 4500 | ||
|---|---|---|---|
| 001 | 2137244 | ||
| 005 | 20241128165619.0 | ||
| 008 | 971113s1997 enka 001 0 eng | ||
| 020 | _a0240515110 | ||
| 050 | 0 | 0 |
_aPN4781 _b.H32 1997 |
| 082 | 0 | 0 |
_a070.4/3 _221 |
| 100 | 1 | _aHarris, Geoffrey. | |
| 245 | 1 | 0 |
_aPractical newspaper reporting / _cGeoffrey Harris and David Spark ; edited, with additional material, by F.W. Hodgson. |
| 250 | _a3rd ed. | ||
| 260 |
_aOxford ; _aBoston : _bFocal Press, _c1997. |
||
| 300 |
_ax, 251 p. : _bill. ; _c24 cm. |
||
| 440 | 0 | _aJournalism media manual | |
| 500 | _aIncludes index. | ||
| 650 | 0 | _aReporters and reporting. | |
| 650 | 0 |
_aJournalism _xHandbooks, manuals, etc. |
|
| 700 | 1 | _aSpark, David. | |
| 700 | 1 | _aHodgson, F. W. | |
| 856 | 4 | 2 |
_3Publisher description _uhttp://www.loc.gov/catdir/description/els033/97214939.html |
| 856 | 4 | 1 |
_3Table of contents _uhttp://www.loc.gov/catdir/toc/els032/97214939.html |
| 942 |
_2lcc _cBK _n0 |
||
| 999 |
_c1718 _d1718 |
||